| 000 | 01155nam a2200337Ia 4500 | ||
|---|---|---|---|
| 005 | 20220317000355.0 | ||
| 008 | 141031s2012 ckcl a 0 spa d s spspa | ||
| 020 | _a9789568209919 | ||
| 100 | 1 |
_aParra, Nicanor, _d1914- |
|
| 245 | 1 | 0 |
_aNicanor Parra _bpoemas ilustrados _cilustraciones de Isabel Hojas ; selección de Cristóbal Joannon |
| 250 | _aPrimera edición | ||
| 264 | 1 |
_aSantiago _bAmanuta _c2012 |
|
| 300 |
_a59 páginas _bilustraciones _c23 cm. |
||
| 336 |
_atexto _btxt _2rdacontent |
||
| 337 |
_asin mediación _bn _2rdamedia |
||
| 338 |
_avolumen _bnc _2rdacarrier |
||
| 490 | _aPoesía ilustrada | ||
| 500 | _aContiene datos biográficos de la autora | ||
| 650 | 1 | 4 |
_2LEMB _aPoesía chilena |
| 650 | 1 | 4 |
_2LEMB _aLiteratura chilena |
| 650 | 1 | 4 |
_2LEMB _aEmociones _vPoesía |
| 650 | 1 | 4 |
_2LEMB _aLadrones _vPoesía |
| 650 | 1 | 4 |
_2LEMB _aBebidas gaseosas _vPoesía |
| 650 | 1 | 4 |
_2LEMB _aTrabajadores _vPoesía |
| 700 | 1 |
_aHojas, Isabel _eilustradora _9115680 |
|
| 700 | 1 |
_aPavez, Ana María _eeditora _91301 |
|
| 700 | 1 |
_aRecart, Constanza _eeditora _91303 |
|
| 942 |
_2loc _cBKLIT |
||
| 040 |
_aCO-BoRNBP _bspa _erda _cCO-BoRNBP |
||
| 084 | _aP PAR1 | ||
| 999 |
_c3868 _d3868 |
||